| 000 | 00800nam a2200205 i 4500 | ||
|---|---|---|---|
| 001 | 187363 | ||
| 003 | SpMaBN | ||
| 005 | 20250818173641.0 | ||
| 008 | 170615s1937 sp |||| | spa d | ||
| 080 | _a821.112.2-31"19" | ||
| 100 | 1 |
_aWassermann, Jakob, _d1873-1934 _9116154 |
|
| 245 | 1 | 3 |
_aEl hombrecillo de los gansos _b: (Das Gänsemännchen) / _cJakob Wassermann ; traducción de Enrique Giménez Mauro ; [prólogo, Luis Capdevila]. |
| 250 | _a2ª ed. | ||
| 260 |
_aBarcelona : _bApolo, _c1937 ( _fUnió Gràfica) |
||
| 300 |
_a473 p. ; _c22 cm. |
||
| 700 | 1 |
_aGiménez Mauro, Enrique. _957055 |
|
| 700 | 1 |
_aCapdevila, Luis, _d1892-1980 _934795 |
|
| 852 |
_aES-MaACL _jL-31719 _z- enc. tela _z. - Donat. herederos de la bibl. de Mª del Pilar Costa Palacín |
||
| 999 |
_c187363 _d187363 |
||